<?xml version="1.0" encoding="UTF-8"?>
<record
    xmlns:xsi="http://www.w3.org/2001/XMLSchema-instance"
    xsi:schemaLocation="http://www.loc.gov/MARC21/slim http://www.loc.gov/standards/marcxml/schema/MARC21slim.xsd"
    xmlns="http://www.loc.gov/MARC21/slim">

  <leader>03388cac a2200373 i 4500</leader>
  <controlfield tag="003">EG-GICUC</controlfield>
  <controlfield tag="005">20260121101531.0</controlfield>
  <controlfield tag="008">020701s2002    enk    fr     001 0 eng d</controlfield>
  <datafield tag="020" ind1=" " ind2=" ">
    <subfield code="a">0761947108</subfield>
  </datafield>
  <datafield tag="020" ind1=" " ind2=" ">
    <subfield code="a">0761947116</subfield>
    <subfield code="q">pbk.</subfield>
  </datafield>
  <datafield tag="020" ind1=" " ind2=" ">
    <subfield code="a">9780761947103</subfield>
  </datafield>
  <datafield tag="020" ind1=" " ind2=" ">
    <subfield code="a">9780761947110</subfield>
    <subfield code="q">(pbk.)</subfield>
  </datafield>
  <datafield tag="040" ind1=" " ind2=" ">
    <subfield code="a">UKM</subfield>
    <subfield code="c">UKM</subfield>
    <subfield code="d">NGU</subfield>
    <subfield code="d">MSB</subfield>
    <subfield code="d">DLC</subfield>
    <subfield code="d">EG-GICUC</subfield>
    <subfield code="b">eng</subfield>
    <subfield code="e">rda</subfield>
  </datafield>
  <datafield tag="050" ind1="0" ind2="0">
    <subfield code="a">HV6025</subfield>
    <subfield code="b">.C7455 2002</subfield>
  </datafield>
  <datafield tag="082" ind1="0" ind2="4">
    <subfield code="a">343.6</subfield>
    <subfield code="2">21</subfield>
  </datafield>
  <datafield tag="092" ind1="0" ind2="4">
    <subfield code="2">21</subfield>
  </datafield>
  <datafield tag="099" ind1=" " ind2=" ">
    <subfield code="a">Law 10 2002</subfield>
  </datafield>
  <datafield tag="245" ind1="0" ind2="0">
    <subfield code="a">Criminology :</subfield>
    <subfield code="b">a reader /</subfield>
    <subfield code="c">edited by Yvonne Jewkes and Gayle Letherby.</subfield>
  </datafield>
  <datafield tag="264" ind1=" " ind2=" ">
    <subfield code="a">London ;</subfield>
    <subfield code="a">Thousand Oaks, Calif. :</subfield>
    <subfield code="b">SAGE,</subfield>
    <subfield code="c">2002.</subfield>
  </datafield>
  <datafield tag="300" ind1=" " ind2=" ">
    <subfield code="a">ix, 408 page ;</subfield>
    <subfield code="c">25 cm.</subfield>
  </datafield>
  <datafield tag="336" ind1=" " ind2=" ">
    <subfield code="a">text</subfield>
    <subfield code="b">txt</subfield>
    <subfield code="2">rdacontent</subfield>
  </datafield>
  <datafield tag="337" ind1=" " ind2=" ">
    <subfield code="a">unmediated</subfield>
    <subfield code="b">n</subfield>
    <subfield code="2">rdamedia</subfield>
  </datafield>
  <datafield tag="338" ind1=" " ind2=" ">
    <subfield code="a">volume</subfield>
    <subfield code="b">nc</subfield>
    <subfield code="2">rdacarrier</subfield>
  </datafield>
  <datafield tag="504" ind1=" " ind2=" ">
    <subfield code="a">Includes bibliographical references and index.</subfield>
  </datafield>
  <datafield tag="505" ind1="0" ind2=" ">
    <subfield code="a">Victorian boys, we are here! / Geoffrey Pearson -- Perspectives in criminological theory / Sandra Walklate -- Definitions of deviance / Howard S. Becker -- Ten points of realism / Jock Young -- Psychology and criminal behaviour / Peter B. Ainsworth -- The development of feminist perspectives on crime / Nicole Hahn Rafter and Frances Heidensohn -- Crime, power, and ideological mystification / Steven Box -- The social construction of official statistics / Clive Coleman and Jenny Moynihan -- Corporate crime, official statistics and the mass media / Gary Slapper and Steve Tombs -- Crime and the media : a criminological perspective / David Kidd-Hewitt -- Folk devils and moral panics : th creation of the mods and rockers / Stanley Cohen -- The ultimate neighbour from hell? Stranger danger and the media framing of paedophiles / Jenny Kitzinger -- Crime in context : a critical criminology of market societies / Ian Taylor -- Bias in the criminal justice system / Michael Cavadino and James Dignan -- Crime, culture and community / Janet Foster -- White collar and corporate crime / Hazel Croall -- The race and crime debate / John Lea and Jock Young -- From scarman to Stephen Lawrence / Stuart Hall -- Youth and crime / John Muncie -- The myth of girl gangs / Susan Batchelor -- Ordinary experiences / Elizabeth A. Stanko -- When men are victims : the failure of victimology / Tim Newburn and Elizabeth A. Stanko -- Cop culture / Robert Reiner -- Policing and the police : key issues in criminal justice / Clive Coleman and Clive Norris -- The trial / Frank Belloni and Jacqueline Hodgson -- The injudiciary / Andrew Billen -- Justifications and purposes of imprisonment / Ian Dunbar and Anthony Langdon -- The closed emotional world of the security wing / Stanley Cohen and Laurie Taylor -- Crime, control and the future : some theories and speculations / Nigel South -- Social control / Barbara A. Hudson -- Smile, you're on TV / John Naughton -- They're watching you / Martin Bright -- Land of the free / Gary Younge -- New ways to break the law : cybercrime and the politics of hacking / Douglas Thomas.</subfield>
  </datafield>
  <datafield tag="650" ind1=" " ind2="0">
    <subfield code="a">Criminology.</subfield>
  </datafield>
  <datafield tag="700" ind1="1" ind2=" ">
    <subfield code="a">Jewkes, Yvonne,</subfield>
    <subfield code="d">1966-</subfield>
    <subfield code="e">editor.</subfield>
  </datafield>
  <datafield tag="700" ind1="1" ind2=" ">
    <subfield code="a">Letherby, Gayle,</subfield>
    <subfield code="e">editor.</subfield>
  </datafield>
  <datafield tag="856" ind1="4" ind2="1">
    <subfield code="u">https://fll.law.cu.edu.eg/fulltext/bks/B10-00070.pdf</subfield>
  </datafield>
  <datafield tag="856" ind1="4" ind2="1">
    <subfield code="3">Table of contents only</subfield>
    <subfield code="u">http://www.loc.gov/catdir/toc/fy038/2003275773.html</subfield>
  </datafield>
  <datafield tag="856" ind1="4" ind2="2">
    <subfield code="3">Publisher description</subfield>
    <subfield code="u">http://www.loc.gov/catdir/enhancements/fy0657/2003275773-d.html</subfield>
  </datafield>
  <datafield tag="905" ind1=" " ind2=" ">
    <subfield code="a">10</subfield>
  </datafield>
  <datafield tag="942" ind1=" " ind2=" ">
    <subfield code="2">ddc</subfield>
    <subfield code="c">BK</subfield>
    <subfield code="e">21</subfield>
    <subfield code="n">0</subfield>
  </datafield>
  <datafield tag="999" ind1=" " ind2=" ">
    <subfield code="c">52130</subfield>
    <subfield code="d">52130</subfield>
  </datafield>
  <datafield tag="952" ind1=" " ind2=" ">
    <subfield code="0">0</subfield>
    <subfield code="1">0</subfield>
    <subfield code="2">ddc</subfield>
    <subfield code="4">0</subfield>
    <subfield code="7">0</subfield>
    <subfield code="8">&#x627;&#x644;&#x642;&#x627;&#x646;&#x648;&#x646; &#x627;&#x644;&#x62C;&#x646;&#x627;&#x626;&#x64A;</subfield>
    <subfield code="a">CU</subfield>
    <subfield code="b">LAW2</subfield>
    <subfield code="d">2025-12-22</subfield>
    <subfield code="l">0</subfield>
    <subfield code="o">Law2 10 343.6 CR 2002 1000070 C1</subfield>
    <subfield code="p">ENGB10-00070</subfield>
    <subfield code="r">2025-12-22 13:03:08</subfield>
    <subfield code="t">1</subfield>
    <subfield code="w">2025-12-22</subfield>
    <subfield code="y">BK</subfield>
    <subfield code="z">1463</subfield>
  </datafield>
</record>
